[Event "WJun"]
[Site "Puerto Madryn ARG"]
[Date "2009.10.31"]
[Round "10"]
[White "Houriez,C"]
[Black "Ashwin,J"]
[Result "0-1"]
[WhiteElo "2304"]
[BlackElo "2451"]
[EventDate "2009.10.22"]

1. e4 c5 2. Nf3 d6 3. d4 cxd4 4. Nxd4 Nf6 5. Nc3 a6 6. Be2 e6 7. f4 Qc7 8.
O-O Be7 9. Kh1 Nc6 10. Be3 O-O 11. a4 Re8 12. Bf3 Bd7 13. Nb3 b6 14. g4 Bc8
15. g5 Nd7 16. Bg2 Rb8 17. Qh5 Bf8 18. Rf3 g6 19. Qh4 Bg7 20. f5 exf5 21.
exf5 Bxc3 22. bxc3 Nce5 23. Rh3 Nf8 24. Nd4 Bb7 25. Rf1 Rbc8 26. Bf4 Qc4
27. Rf2 Bxg2+ 28. Kxg2 gxf5 29. Bxe5 Qd5+ 30. Kg1 Rxe5 31. Rhf3 Ng6 32. Qh3
Rxc3 33. Nxf5 Re1+ 34. Kg2 Nf4+ 0-1

[Event "WJun"]
[Site "Puerto Madryn ARG"]
[Date "2009.10.31"]
[Round "10"]
[White "Garnelis,J"]
[Black "Tristan,L"]
[Result "1-0"]
[WhiteElo "2228"]
[BlackElo "2412"]
[EventDate "2009.10.22"]

1. e4 d6 2. d4 Nf6 3. Nc3 g6 4. Nf3 Bg7 5. Bc4 O-O 6. O-O Nxe4 7. Nxe4 d5
8. Bd3 dxe4 9. Bxe4 Nd7 10. c3 c5 11. Bc2 cxd4 12. Nxd4 Nf6 13. h3 e5 14.
Nb3 Qc7 15. Qf3 Be6 16. Rd1 a5 17. Bg5 Nh5 18. Qe3 f6 19. Qc5 Qf7 20. Be3
Rfc8 21. Qb5 f5 22. Nxa5 f4 23. Bb6 f3 24. g3 Kh8 25. Bb3 Bxb3 26. axb3 Qe6
27. Kh2 Bh6 28. Nc4 Rxa1 29. Rxa1 Bg7 30. Rd1 Rf8 31. Qd7 Qf6 32. Rd6 Qg5
33. Be3 Qf5 34. g4 Qxd7 35. Rxd7 Nf4 36. Rxb7 h5 37. g5 Kg8 38. Rd7 Rf5 39.
h4 1-0

[Event "WJun"]
[Site "Puerto Madryn ARG"]
[Date "2009.10.31"]
[Round "10"]
[White "Soares,E"]
[Black "Maldonado,Fed"]
[Result "1-0"]
[WhiteElo "2065"]
[BlackElo "2003"]
[EventDate "2009.10.22"]

1. Nf3 Nf6 2. b3 g6 3. Bb2 Bg7 4. e3 d6 5. d4 O-O 6. Nbd2 c5 7. c3 b6 8.
Bd3 Bb7 9. O-O Nbd7 10. c4 e6 11. Rc1 Rc8 12. Rb1 Qc7 13. Ba3 e5 14. d5 Nh5
15. b4 f5 16. Ng5 Rf7 17. Nxf7 Kxf7 18. Bxf5 gxf5 19. Qxh5+ Kf6 20. e4 f4
21. Nf3 Ke7 22. Qxh7 1-0

[Event "WJun"]
[Site "Puerto Madryn ARG"]
[Date "2009.11.01"]
[Round "11"]
[White "Grigoryan,Av"]
[Black "Iturrizaga,E"]
[Result "1-0"]
[WhiteElo "2515"]
[BlackElo "2605"]
[EventDate "2009.10.22"]

1. d4 Nf6 2. c4 c5 3. d5 b5 4. cxb5 a6 5. bxa6 g6 6. Nc3 Bg7 7. g3 d6 8.
Bg2 Bxa6 9. Nf3 Nbd7 10. Rb1 Nb6 11. b3 Bb7 12. e4 Ba6 13. Qc2 O-O 14. Ne2
Qd7 15. O-O Qg4 16. Bf4 Nh5 17. h3 Qd7 18. Bg5 f5 19. Rfe1 fxe4 20. Qxe4
Qf5 21. Qxf5 gxf5 22. Bxe7 Rfe8 23. Nf4 Nxf4 24. gxf4 Bd3 25. Rbd1 Bc2 26.
Rc1 Rxa2 27. Bxd6 Rxe1+ 28. Rxe1 Nxd5 29. Ng5 Nf6 30. Bxc5 Kh8 31. b4 Ra6
32. Bd5 h6 33. b5 Ra5 34. Nf7+ Kh7 35. Bc6 Ne4 36. Be3 Ba4 37. Bxe4 fxe4
38. b6 Bc6 39. Rb1 Ra8 40. b7 Rb8 41. Nd8 Bd5 42. Ba7 Rxd8 43. b8=Q Rxb8
44. Bxb8 1-0

[Event "WJun"]
[Site "Puerto Madryn ARG"]
[Date "2009.11.01"]
[Round "11"]
[White "Bindrich,F"]
[Black "Olszewski,Mi"]
[Result "1/2-1/2"]
[WhiteElo "2516"]
[BlackElo "2544"]
[EventDate "2009.10.22"]

1. d4 Nf6 2. c4 e6 3. Nc3 Bb4 4. Qc2 O-O 5. a3 Bxc3+ 6. Qxc3 b6 7. Bg5 h6
8. Bh4 Ba6 9. Nf3 d6 10. e3 Nbd7 11. b4 g5 12. Bg3 Ne4 13. Qc2 f5 14. Bd3
Ndf6 15. Nd2 Bb7 16. f3 Nxg3 17. hxg3 Kg7 18. e4 fxe4 19. Nxe4 Bxe4 20.
Bxe4 d5 21. cxd5 Nxe4 22. Qxe4 exd5 23. Qe5+ Qf6 24. Qxf6+ Rxf6 25. Kd2 c6
26. g4 a5 27. Rhe1 Kg6 28. Reb1 b5 29. a4 axb4 30. axb5 Rxa1 31. Rxa1 cxb5
32. Ra8 h5 33. gxh5+ Kxh5 34. Rh8+ Kg6 35. Rb8 Ra6 36. Rxb5 Ra2+ 37. Ke3
Rxg2 38. Rxb4 Ra2 39. Rb5 Ra3+ 40. Kf2 g4 41. fxg4 Kg5 42. Rxd5+ Kxg4 43.
Rd8 Kf4 44. d5 Ra2+ 45. Kf1 Ke5 46. d6 Ke6 47. d7 Ke7 1/2-1/2

[Event "WJun"]
[Site "Puerto Madryn ARG"]
[Date "2009.11.01"]
[Round "11"]
[White "Diamant,A"]
[Black "Howell,D"]
[Result "1-0"]
[WhiteElo "2526"]
[BlackElo "2624"]
[EventDate "2009.10.22"]

1. d4 Nf6 2. c4 g6 3. Nf3 Bg7 4. g3 d5 5. cxd5 Nxd5 6. Bg2 Nb6 7. Nc3 Nc6
8. e3 O-O 9. O-O Re8 10. Re1 a5 11. Qe2 a4 12. Rd1 Bf5 13. d5 Na5 14. Nd4
Qc8 15. Nxf5 Qxf5 16. e4 Qc8 17. e5 e6 18. Bh3 c6 19. dxe6 fxe6 20. Bf4 Qc7
21. Rd6 Qf7 22. Ne4 Nd5 23. Bd2 Bxe5 24. Rxe6 Rxe6 25. Ng5 Qf6 26. Bxe6+
Kg7 27. Re1 Bxb2 28. Bxd5 cxd5 29. Qb5 Kh8 30. Qd7 1-0

[Event "WJun"]
[Site "Puerto Madryn ARG"]
[Date "2009.11.01"]
[Round "11"]
[White "Leon Hoyos,M"]
[Black "Li Chao2"]
[Result "1/2-1/2"]
[WhiteElo "2516"]
[BlackElo "2617"]
[EventDate "2009.10.22"]

1. e4 c5 2. Nf3 d6 3. d4 cxd4 4. Nxd4 Nf6 5. Nc3 a6 6. a4 Nbd7 7. g3 e5 8.
Nf5 Nc5 9. Bg5 Ncxe4 10. Nxg7+ Bxg7 11. Nxe4 Qa5+ 12. Nc3 Ne4 13. Qd5 Qxd5
14. Nxd5 Nxg5 15. Nc7+ Ke7 16. Nxa8 Bd7 17. Nb6 Bc6 18. h4 Bxh1 19. hxg5 h6
20. gxh6 Bxh6 21. Ra3 Bc1 22. Rb3 Bc6 23. Bc4 Rh1+ 24. Ke2 Bg2 25. Nd5+ Kf8
26. Ne3 Bxe3 27. Kxe3 Re1+ 28. Kd2 Re4 29. Rc3 Rd4+ 30. Ke2 Bc6 31. b3 a5
32. f3 1/2-1/2

[Event "WJun"]
[Site "Puerto Madryn ARG"]
[Date "2009.11.01"]
[Round "11"]
[White "Blit,J"]
[Black "Garnelis,J"]
[Result "1/2-1/2"]
[WhiteElo "2350"]
[BlackElo "2228"]
[EventDate "2009.10.22"]

1. d4 d5 2. Nf3 c6 3. Bg5 h6 4. Bh4 Qb6 5. Qc1 Bf5 6. Nbd2 e6 7. e3 Be7 8.
Bxe7 Nxe7 9. c4 Nd7 10. Be2 O-O 11. O-O Rac8 12. c5 Qd8 13. b4 Bg4 14. Bd3
Bf5 15. Be2 Bg4 16. Qc3 Ng6 17. Bd3 Bxf3 18. gxf3 e5 19. Bxg6 fxg6 20. dxe5
Qg5+ 21. Kh1 Qxe5 22. Qxe5 Nxe5 23. f4 Nd7 24. Nb3 Rfe8 25. Rg1 Kh7 26. Rg2
Re6 27. Rag1 Rf6 28. Nd4 Nf8 29. h4 Rc7 30. Nf3 Rf5 31. Kh2 Re7 32. Kh3 Re4
33. a3 Re7 34. Ne5 Rf6 35. a4 a6 36. Kg4 Nd7 37. Nf3 Re4 38. Nd4 Ne5+ 39.
Kh3 Nd3 40. f5 Rxd4 41. fxg6+ Kg8 42. exd4 Nf4+ 43. Kh2 Nxg2 44. Rxg2 Rf4
45. Kg3 Rxd4 46. h5 Rxb4 47. f4 a5 48. Re2 Kf8 49. Kg4 Rxa4 50. Kf5 Rd4 51.
Rb2 Rb4 52. Ra2 a4 53. Ke6 Rxf4 54. Kd7 Re4 55. Rf2+ Kg8 56. Rb2 Kf8 57.
Rf2+ Kg8 58. Rf7 a3 59. Kd6 Re8 60. Rxb7 d4 61. Kxc6 d3 62. Rb1 a2 63. Ra1
d2 64. Kb7 Rd8 65. Rd1 Rd7+ 66. Kb6 a1=R 67. Rxa1 d1=Q 68. Rxd1 Rxd1 69. c6
Rb1+ 70. Ka7 Rc1 71. Kb7 Rb1+ 72. Ka8 Ra1+ 73. Kb7 1/2-1/2

[Event "WJun"]
[Site "Puerto Madryn ARG"]
[Date "2009.11.01"]
[Round "11"]
[White "Morales,Ra"]
[Black "Aguinaga,M"]
[Result "0-1"]
[WhiteElo "1941"]
[BlackElo "2009"]
[EventDate "2009.10.22"]

1. d4 Nf6 2. c4 d6 3. Nc3 g6 4. e4 Nbd7 5. f3 Bg7 6. Be3 e5 7. d5 a5 8. Bd3
O-O 9. Qd2 b6 10. a3 Nc5 11. Bc2 Ne8 12. Nge2 f5 13. exf5 Bxf5 14. O-O Bh8
15. Ng3 Ng7 16. b4 axb4 17. axb4 Nd7 18. Bxf5 gxf5 19. f4 Rxa1 20. Rxa1
exf4 21. Bxf4 Nh5 22. Bg5 Bxc3 0-1

[Event "WJun"]
[Site "Puerto Madryn ARG"]
[Date "2009.11.02"]
[Round "12"]
[White "Margvelashvili,G"]
[Black "Jumabayev,R"]
[Result "1-0"]
[WhiteElo "2509"]
[BlackElo "2548"]
[EventDate "2009.10.22"]

1. d4 Nf6 2. c4 e6 3. Nf3 b6 4. g3 Ba6 5. Qc2 c5 6. d5 exd5 7. cxd5 g6 8.
Bg2 Bg7 9. O-O O-O 10. Nc3 d6 11. Re1 b5 12. e4 Nbd7 13. Bf4 Ne8 14. e5
dxe5 15. Nxe5 Nxe5 16. Bxe5 Bxe5 17. Rxe5 Nd6 18. Rae1 Bc8 19. Qc1 Bf5 20.
Qf4 Qd7 21. Bf1 b4 22. Re7 Rae8 23. Rxd7 Rxe1 24. Kg2 bxc3 25. bxc3 Bxd7
26. Qxd6 Bf5 27. Bb5 c4 28. Bc6 Re2 29. Kf3 Rxa2 30. g4 Bc2 31. h4 h5 32.
gxh5 Bd1+ 33. Kg3 Bxh5 34. Qf6 Rd2 35. d6 Rd3+ 36. Kf4 a5 37. d7 a4 38. Qe7
Bd1 39. Kg5 Kg7 40. Qf6+ Kh7 41. Qe7 Kg7 42. Be4 Rd2 43. Bxg6 Rd5+ 44. Bf5
Rg8 45. Qf6+ Kf8+ 46. Kf4 Rxf5+ 47. Qxf5 Ke7 48. Qe5+ Kxd7 49. Qd5+ 1-0

[Event "WJun"]
[Site "Puerto Madryn ARG"]
[Date "2009.11.02"]
[Round "12"]
[White "Lenderman,A"]
[Black "Bindrich,F"]
[Result "1-0"]
[WhiteElo "2542"]
[BlackElo "2516"]
[EventDate "2009.10.22"]

1. d4 Nf6 2. c4 c5 3. Nf3 cxd4 4. Nxd4 b6 5. Nc3 Bb7 6. f3 d6 7. e4 e6 8.
Be2 Be7 9. O-O O-O 10. Be3 a6 11. Qd2 Nbd7 12. a4 Ne5 13. a5 bxa5 14. Nb3
Nc6 15. Rfd1 Rb8 16. c5 dxc5 17. Nxc5 Qc7 18. Nxa6 Bxa6 19. Bxa6 Rfd8 20.
Qf2 Bd6 21. g3 Ne5 22. Bd4 Qc6 23. Bf1 Bc7 24. Nb5 Rxb5 25. Rac1 Rxd4 26.
Rxc6 Nxc6 27. Rxd4 Rb8 28. Qc2 Bb6 29. Qxc6 Bxd4+ 30. Kh1 Bxb2 31. Qc7 Rf8
32. Qxa5 g6 33. Bc4 h5 34. e5 Ne8 35. Qa2 Bd4 36. Bxe6 Bxe5 37. Bb3 Bf6 38.
Qd2 Bg7 39. f4 Kh8 40. f5 Nf6 41. fxg6 fxg6 42. Qg5 Re8 43. Qxg6 Re2 44. h3
Re3 45. Bf7 Re4 46. Qf5 Re3 47. Kg2 Re2+ 48. Kf1 Re3 49. g4 hxg4 50. hxg4
Re7 51. Qc8+ Kh7 52. Qc2+ Kh8 53. Qh2+ Nh7 54. Bg6 Bf6 55. Qh6 Kg8 56. Bf5
Rg7 57. Ke2 Be7 58. Qe6+ Kf8 59. Bg6 1-0

[Event "WJun"]
[Site "Puerto Madryn ARG"]
[Date "2009.11.02"]
[Round "12"]
[White "Leon Hoyos,M"]
[Black "Yu Yangyi"]
[Result "0-1"]
[WhiteElo "2516"]
[BlackElo "2509"]
[EventDate "2009.10.22"]

1. Nf3 Nf6 2. g3 b5 3. Bg2 Bb7 4. O-O c5 5. d3 d6 6. e4 Nbd7 7. a4 a6 8.
Re1 e6 9. Nbd2 Be7 10. b3 O-O 11. Bb2 e5 12. c3 Re8 13. d4 Bf8 14. d5 c4
15. axb5 axb5 16. bxc4 bxc4 17. Nxc4 Nc5 18. Qc2 Rxa1 19. Bxa1 Ncxe4 20.
Ne3 Nc5 21. c4 g6 22. Bc3 Qc7 23. Nd2 Bh6 24. Nb3 Nxb3 25. Qxb3 Ba6 26. Ra1
Rb8 27. Qa4 Bxe3 28. Qxa6 Bxf2+ 29. Kxf2 Qc5+ 30. Ke2 Ng4 31. Qa7 Rb6 32.
Kd3 Qe3+ 33. Kc2 Qe2+ 34. Kc1 Rb3 35. Bd2 Nf2 36. Qa8+ Kg7 0-1

[Event "WJun"]
[Site "Puerto Madryn ARG"]
[Date "2009.11.02"]
[Round "12"]
[White "Potapov,P"]
[Black "Meza,Hu"]
[Result "1-0"]
[WhiteElo "2429"]
[BlackElo "2276"]
[EventDate "2009.10.22"]

1. e4 c5 2. c3 g6 3. Nf3 Bg7 4. d4 cxd4 5. cxd4 d5 6. e5 Bg4 7. Nbd2 Nc6 8.
Bb5 Qb6 9. Bxc6+ Qxc6 10. O-O Rd8 11. h3 Bf5 12. Nb3 Nh6 13. Bf4 O-O 14.
Qd2 g5 15. Bxg5 Be4 16. Rac1 Qb6 17. Nh4 Nf5 18. Nxf5 Bxf5 19. Bxe7 Rfe8
20. Bd6 Qa6 21. Nc5 Qxa2 22. Nxb7 1-0

[Event "WJun"]
[Site "Puerto Madryn ARG"]
[Date "2009.11.02"]
[Round "12"]
[White "Macias Murillo,B"]
[Black "Catelli,H"]
[Result "0-1"]
[WhiteElo "2363"]
[BlackElo "2200"]
[EventDate "2009.10.22"]

1. e4 e6 2. d4 d5 3. Nd2 c5 4. exd5 exd5 5. Ngf3 Nc6 6. dxc5 Bxc5 7. Nb3
Bd6 8. Be2 Nge7 9. O-O O-O 10. h3 Re8 11. Bd3 Nf5 12. c3 h6 13. Qc2 Qf6 14.
Bd2 Ne5 15. Nbd4 Nxd4 16. Nxd4 Nxd3 17. Qxd3 Bd7 18. Rfe1 a6 19. Nf3 Bc6
20. Be3 Re4 21. Bd4 Qg6 22. Be3 Rae8 23. Nd2 d4 24. Nxe4 Bxe4 25. Qf1 dxe3
26. Rxe3 Bc5 27. Re2 Rd8 28. Kh1 Bc6 29. b3 Rd3 30. f3 Qg3 31. Qe1 Rxf3 32.
Qxg3 Rxg3 33. Kh2 Rxc3 34. Rd1 Bb6 35. Red2 Bc7+ 36. Kg1 Rg3 37. Rf1 g5 38.
Rc2 Kg7 39. Re1 Kf6 40. Rf1+ Ke6 41. Re2+ Be5 42. Rfe1 f6 43. Rd1 Bf3 0-1

[Event "WJun"]
[Site "Puerto Madryn ARG"]
[Date "2009.11.02"]
[Round "12"]
[White "Salinas Herrera,P"]
[Black "Blit,J"]
[Result "1-0"]
[WhiteElo "2129"]
[BlackElo "2350"]
[EventDate "2009.10.22"]

1. Nf3 f5 2. d4 g6 3. c4 Nf6 4. Nc3 Bg7 5. Qc2 O-O 6. e3 b6 7. Be2 Bb7 8.
O-O e6 9. Rd1 Na6 10. a3 h6 11. Ne5 Qe8 12. Bf3 c6 13. Nb5 Qb8 14. Nc3 g5
15. e4 g4 16. Be2 c5 17. Ng6 cxd4 18. Rxd4 Nxe4 19. Rxd7 Rf7 20. Ne7+ Kf8
21. Ng6+ Ke8 22. Rd1 Nxc3 23. bxc3 Nc5 24. Be3 Qc7 25. Bxc5 bxc5 26. Rab1
Bc6 27. Bd3 Rf6 28. Nh4 Kf8 29. Qe2 Kf7 30. Qe3 Bf8 31. Bf1 Rd8 32. Rxd8
Qxd8 33. g3 f4 34. Qe2 f3 35. Qe5 Qd6 36. Qh5+ Ke7 37. Qxg4 Kf7 38. Re1 Qd2
39. Qh5+ Kg7 40. Qe5 Bd6 41. Qe3 Qxe3 42. Rxe3 h5 43. Bd3 Be7 44. Ng6 Bd6
45. Kf1 Bc7 46. Ne5 Bxe5 47. Rxe5 Rf8 48. Ke1 Rd8 49. Bc2 h4 50. Rxc5 hxg3
51. hxg3 Rd6 52. Rh5 Kf6 53. g4 Kg7 54. g5 e5 55. Rh7+ Kf8 56. c5 Rd5 57.
Be4 Rxc5 58. Rc7 Rxc3 59. Rxc6 Rxa3 60. Rf6+ 1-0

[Event "WJun"]
[Site "Puerto Madryn ARG"]
[Date "2009.11.03"]
[Round "13"]
[White "Olszewski,Mi"]
[Black "Margvelashvili,G"]
[Result "1-0"]
[WhiteElo "2544"]
[BlackElo "2509"]
[EventDate "2009.10.22"]

1. d4 Nf6 2. c4 e6 3. Nf3 c5 4. d5 d6 5. Nc3 exd5 6. cxd5 g6 7. Bf4 a6 8.
e4 Bg7 9. Qa4+ Bd7 10. Qb3 Bc8 11. a4 O-O 12. Be2 Qe7 13. Nd2 Nbd7 14. O-O
Rb8 15. h3 Ne8 16. Nc4 f5 17. exf5 Rxf5 18. Bg3 Ne5 19. Rae1 Nxc4 20. Bxc4
Qf8 21. Bxa6 Bh6 22. Bd3 Rf7 23. Qb6 1-0

[Event "WJun"]
[Site "Puerto Madryn ARG"]
[Date "2009.11.03"]
[Round "13"]
[White "Yu Yangyi"]
[Black "Grigoryan,Av"]
[Result "1/2-1/2"]
[WhiteElo "2509"]
[BlackElo "2515"]
[EventDate "2009.10.22"]

1. e4 e6 2. Qe2 c5 3. Nf3 Nc6 4. g3 d6 5. Bg2 g6 6. O-O Bg7 7. c3 Nge7 8.
d4 cxd4 9. cxd4 Nxd4 10. Nxd4 Bxd4 11. Bh6 Ng8 12. Qd2 Nxh6 13. Qxd4 f6 14.
Na3 Nf7 15. Rfd1 Bd7 16. Nc4 Bc6 17. Nxd6+ Qxd6 18. Qxd6 Nxd6 19. Rxd6 Ke7
20. Rad1 Rad8 21. Rxd8 Rxd8 22. Rxd8 Kxd8 23. f3 Kc7 24. Kf2 Kb6 25. Bh3 e5
26. Ke3 Kc5 27. Kd3 Kb4 28. Be6 Bb5+ 29. Kd2 Bc4 30. a3+ Kc5 31. Bc8 b6 32.
Kc3 Be2 33. f4 Kd6 34. Kd2 Bf3 35. Ke3 Bg2 36. Ba6 Bh3 37. Bc4 a5 38. b4
axb4 39. axb4 Be6 40. Bb5 Ba2 41. h4 Bb3 1/2-1/2